| 000 | nam a22 7a 4500 | ||
|---|---|---|---|
| 999 |
_c128668 _d128668 |
||
| 008 | 181127b xxu||||| |||| 00| 0 eng d | ||
| 050 | _aBS2575.5.R362 | ||
| 100 |
_aReilly, John _943679 |
||
| 245 |
_aPraying Matthew _cJohn Reilly |
||
| 260 |
_aAustralia _bSt. Pauls _c1995 |
||
| 300 |
_a255p. ; _c22cm. |
||
| 650 |
_aBible N.T. Matthew _xMeditations _943680 |
||
| 942 |
_2lcc _cMONOGRAPH |
||